| Tag |
First Indicator |
Second Indicator |
Subfields |
| LEADER |
00000cam a22000001a 4500 |
| 001 |
in00003699621 |
| 005 |
20190408182058.0 |
| 006 |
m o d f |
| 007 |
cr bn mmmapmmp |
| 008 |
040322s1918 dcu o f000 0 eng d |
| 035 |
|
|
|a ebd1910308483
|
| 040 |
|
|
|a UMI
|c UMI
|d UtOrBLW
|
| 086 |
0 |
|
|a W 37.6:L 52
|
| 099 |
|
|
|a W37.6-7
|
| 245 |
0 |
0 |
|a Manual for legal advisory boards to aid members in giving advice and assistance to registrants under Selective Service Law.
|
| 264 |
|
1 |
|a Washington :
|b U.S. GPO,
|c 1918.
|
| 300 |
|
|
|a 1 online resource (14 pages)
|
| 336 |
|
|
|a text
|b txt
|2 rdacontent
|
| 337 |
|
|
|a computer
|b c
|2 rdamedia
|
| 338 |
|
|
|a online resource
|b cr
|2 rdacarrier
|
| 490 |
0 |
|
|a Provost Marshal General's Office Form No. 92
|
| 500 |
|
|
|a [on procedures for deferment claims for drafted military personnel].
|
| 500 |
|
|
|a Record is based on bibliographic data in ProQuest U.S. Executive Branch Documents, 1910-1932. Reuse except for individual research requires license from ProQuest, LLC.
|
| 533 |
|
|
|a Electronic reproduction.
|b [Bethesda, Md.] :
|c ProQuest,
|d 2012.
|e digital, PDF file.
|n ProQuest U.S. Executive Branch Documents, 1910-1932.
|n Mode of access: World Wide Web via ProQuest website.
|
| 538 |
|
|
|a System requirements: PDF reader software.
|
| 500 |
|
|
|a Electronic resource.
|
| 610 |
1 |
0 |
|a United States.
|b Provost Marshal General's Bureau.
|0 http://id.loc.gov/authorities/names/n87895867
|
| 650 |
|
0 |
|a Draft.
|0 http://id.loc.gov/authorities/subjects/sh85085286
|
| 650 |
|
0 |
|a Legal aid.
|0 http://id.loc.gov/authorities/subjects/sh85075720
|
| 650 |
|
0 |
|a Soldiers.
|0 http://id.loc.gov/authorities/subjects/sh85124554
|
| 655 |
|
7 |
|a Electronic books.
|2 local
|
| 710 |
1 |
|
|a United States.
|b Provost Marshal General's Bureau.
|0 http://id.loc.gov/authorities/names/n87895867
|
| 776 |
1 |
8 |
|i Microfiche version:
|t Manual for legal advisory boards to aid members in giving advice and assistance to registrants under Selective Service Law
|o CIS US Exec MF W37.6-7
|w (ProQuest)cis191305872
|
| 856 |
4 |
0 |
|u http://proxy.library.tamu.edu/login?url=http://congressional.proquest.com/congressional/docview/t66.d71.w37.6-7
|z Connect to the full text of this electronic document
|t 0
|
| 999 |
f |
f |
|s 390bbf4e-43cb-3ab5-b4c1-5dd412679095
|i 32cc096e-fba9-37b0-998e-9415c94cb579
|t 0
|
| 952 |
f |
f |
|a Texas A&M University
|b College Station
|c Electronic Resources
|d Available Online
|t 0
|h No information provided
|
| 998 |
f |
f |
|t 0
|l Available Online
|